1264 1261 1642 1293 1077 1000 1679 1631 1184 1919 1752 1560 1889 1294 1595 1827 1195 1690 1505 1944 1044 1061 1818 1932 1570 1865 1358 1304 1669 1366 1488 1124 1281 1520 1796 1368 1408 1564 1121 1227 1346 1012 1517 1950 1916 1449 1509 1086 1387 1577 1069 1022 1375 1703 1081 1186 1022 1131 1516 1725 1397 1836 1748 1698 1528 1317 1219 1074 1927 1090 1708 1436 1476 1270 1648 1424 1169 1952 1182 1051 1924 1307 1709 1737 1159 1643 1103 1598 1646 1572 1864 1339 1256 1951 1940 1148 1370 1005 1838 BCNSPRNW ULIB Ver.6.0+V

เปลี่ยนเป็นภาษาไทย

Change to English
 แสดงรายละเอียดบรรณานุกรม
  กลับหน้าหลัก

Brief Record : Get Marc (ISO 2709) : E-mail record : QR code < ปิดหน้าต่าง
LEADER : 00000nam 2200000uu 4500
001    13399124527
003     ULIB
008    150821s2544||||th 000 0 tha d
020    9789747074109
090    นว.^bป496ด
100 0  กิ่งฉัตร
245 00 ดวงใจพิสุทธิ์^cกิ่งฉัตร
945    ^p0^l0^i013661
999    ^aเกษร โพธิ์สุวรรณ
รายการนี้ยังไม่มีแท็ก
คุณยังไม่ได้ล็อกอิน คุณสามารถมีกิจกรรมร่วมกับเว็บไซต์ได้ แต่ต้องล็อกอินก่อน ::
  ล็อกอิน

รายการสื่อสารสนเทศ

ลำดับที่ ประเภท เลขเรียก/บาร์โค้ด สถานที่ สถานะ
1. นวนิยาย
นวนิยาย
นว. ป496ด ฉ.1 
  Barcode: 013661
ห้องสมุดวิทยาเขตนครสวรรค์
►นวนิยาย:l:Fiction
บนชั้น

รายการใกล้เคียง
    ผู้แต่ง [กิ่งฉัตร]

BibComment


ยังไม่เคยถูกคอมเมนท์

คอมเมนท์ทรัพยากรรายการนี้
  คอมเมนท์: ดวงใจพิสุทธิ์ กิ่..


 Copyright 2026. Bcnsprnw @Library